000 00387nam a2200169Ia 4500
001 14739
005 20250626030548.0
008 211022s9999 xx 000 0 und d
082 _a747.8 ARE
100 _aAreesorn, Naphalai
245 0 _aThai Spa : inner and outer well-being
260 _aBangkok
260 _bBlue Mango
260 _c2007
300 _a155 pages
942 _cBK
999 _c10813
_d10813